| 000 | 01185nam a2200313Ia 4500 | ||
|---|---|---|---|
| 001 | Para_9213 | ||
| 003 | CHAP | ||
| 005 | 20220818145421.0 | ||
| 008 | 220125s2006 xx 000 0 und d | ||
| 010 | _a207952 | ||
| 040 | _cCHAP | ||
| 090 | _aPA TESIS 2020 | ||
| 100 |
_a\ Montoya González, Ulises Alberto _977986 |
||
| 245 |
_aControl de malezas en maíz (Zea mays L.) empleando mezclas de herbicidas en dos sistemas de labranza : _b convencional y de conservación, en Chapingo, México / _c por Ulises Alberto Montoya González |
||
| 260 |
_aChapingo, Méx. : _b el autor |
||
| 300 | _a52 + anexo | ||
| 502 | _aTesis (Ing. Agr. Esp. en Parasitología Agrícola) -- UACh. Departamento Parasitología Agrícola | ||
| 650 |
_aLabranza convencional _9171245 |
||
| 650 |
_aLabranza de conservación _964308 |
||
| 650 |
_aMaíz _x malas hierbas _x control _971003 |
||
| 650 |
_aMalas hierbas _x control _970011 |
||
| 710 |
_aUACh. Departamento Parasitología Agrícola _9164025 |
||
| 901 | _aPA TESIS 2020 | ||
| 902 | _aM | ||
| 905 | _a0000002006 mn 0000000000 00 | ||
| 910 | _a2006 | ||
| 942 |
_cPARA _2local |
||
| 942 |
_cPARA _2local |
||
| 999 |
_c207952 _d207952 |
||